00412 2200145 4500001002100000005001500021035002000036245006100056100003400117300003100151260003600182082001200218084001800230650001800248INLIS00000000000127820241017074756 a0010-10240001271 aThe days with my sister /cRashikhah Shoha Qurratul Aini0 aRashikhah Shoha Qurratul Aini a112 hlm. :bilus. ;c21 cm aBandung :bMizan Pustaka,c2015 a808.301 a808.301 RAS t 4aCerita pendek